Conceptions of the market among Russian economists: a survey.
Prieskum názorov ruských ekonómov na koncepcie a chápanie fenoménu trhu v období prechodu na trhovú ekonomiku v Ruskej republike pomocou dotazníkovej akcie medzi 230 ruskými ekonómami v r. 1991 - analýza výsledkov. Rozpory v názoroch medzi akademickými a praktickými ekonómami. Porovnanie toho istého...
Salvato in:
| Autore principale: | |
|---|---|
| Natura: | Capitolo di libro |
| Lingua: | inglese |
| Soggetti: | |
| Tags: |
Nessun Tag, puoi essere il primo ad aggiungerne!!
|
MARC
| LEADER | 00000naa a2200000 4500 | ||
|---|---|---|---|
| 001 | r011999 | ||
| 005 | 20221213085243.4 | ||
| 041 | 0 | |a eng | |
| 044 | |a GB | ||
| 245 | 1 | 0 | |a Conceptions of the market among Russian economists: a survey. |c V. Barnett |
| 520 | |a Prieskum názorov ruských ekonómov na koncepcie a chápanie fenoménu trhu v období prechodu na trhovú ekonomiku v Ruskej republike pomocou dotazníkovej akcie medzi 230 ruskými ekonómami v r. 1991 - analýza výsledkov. Rozpory v názoroch medzi akademickými a praktickými ekonómami. Porovnanie toho istého prieskumu medzi britskými ekonómami. | ||
| 610 | 2 | 0 | |a trh |
| 610 | 2 | 0 | |a hospodárstvo trhové |
| 610 | 2 | 0 | |a ekonómovia |
| 610 | 2 | 0 | |a podnikatelia |
| 610 | 2 | 0 | |a výskum sociologický |
| 610 | 2 | 0 | |a dotazníky |
| 610 | 2 | 0 | |a obdobie prechodné |
| 610 | 2 | 0 | |a Rusko |
| 610 | 2 | 0 | |a Veľká Británia |
| 100 | 1 | |a Barnett, Vic | |